000 00662nam a22002177a 4500
003 OSt
005 20260508012957.0
008 260504b |||||||| |||| 00| 0 eng d
020 _a971-06-2592-2
040 _aDWCL-Main Lib
_cOC
082 _aRes. 700 M985 2005
100 _aBuenviaje, Paz A. ...[AT.AL]
245 _aMAPEH IV :
_bmusic, arts, physical education, and health [teachers guide] /
_cBuenviaje, Paz A. ...[AT.AL]
260 _aQuezon City :
_bPhoenix Pub. ,
_cc 2005.
300 _aix , 136 p. ;
_c22 cm.
650 _aArts.
650 _aHealth.
650 _aMusic.
650 _aPhysical education.
942 _2ddc
_cBK-0 CIRC
_mRes.
_n0
999 _c10221
_d10221